Algebra ii /

Guardado en:
Autor Principal: Rojo, Armando O.
Formato: Libro
Publicado: Buenos Aires : El Ateneo, 1981
Edición:7a. ed.
Materias:
Etiquetas: Agregar Etiqueta
Sin Etiquetas, Sea el primero en etiquetar este registro!
LEADER 00845nam a22001935a 4500
001 CEM.cems017877
005 20121112074332.0
008 130507s1981##################000#0#####d
003 CEMS
082 0 4 |a 512 
100 1 |a Rojo, Armando O. 
245 1 0 |a Algebra ii /  |c Armando Rojo 
250 |a 7a. ed. 
260 |a Buenos Aires :  |b El Ateneo,  |c 1981 
300 |a 390 p. 
505 0 |a Estructura de espacio vectorial -- Subespacio -- Dependencia e independencia lineal -- Base y dimensión -- Transformaciones lineales -- Matrices -- Determinantes -- Sistemas lineales -- Producto interior -- Geometria vectorial -- Valores y vectores propios -- Diagonalización -- Formas bilineales y cuadráticas -- Convexidad -- Programación lineal 
653 |a Algebra 
653 |a Vectores 
859 |a CEMS  |b BIB. CEMS - Agricultura  |h 512  |i R638a7  |p A1663.12  |t Ej.1  |v II  |3 II